|
|
|
|
| LEADER |
01404nam a22003732a 4500 |
| 001 |
000431580 |
| 003 |
CZ BrMZK |
| 005 |
20061013103704.0 |
| 007 |
ta |
| 008 |
990305s1987 xr a f cze d |
| 015 |
|
|
|a cnb000038403
|
| 035 |
|
|
|a (OCoLC)39431336
|
| 040 |
|
|
|a BOA001
|b cze
|
| 041 |
1 |
|
|a cze
|h ger
|
| 080 |
|
|
|a 830(430.2)-394(081)=850
|2 MRF
|
| 100 |
1 |
|
|a Fühmann, Franz,
|d 1922-1984
|7 jn19990002507
|4 aut
|
| 245 |
1 |
0 |
|a Prométheus ;
|b Bitva s Titány /
|c Franz Fühmann ; z německých originálů ... přeložila Zdena Lacinová ; ilustroval Aleš Krejča
|
| 250 |
|
|
|a 1. vyd.
|
| 260 |
|
|
|a Praha :
|b Odeon,
|c 1987
|
| 300 |
|
|
|a 269 s. :
|b il.
|
| 490 |
1 |
|
|a Klub čtenářů ;
|v sv. 565
|
| 700 |
1 |
|
|a Lacinová, Zdena
|7 jk01071361
|4 trl
|
| 700 |
1 |
|
|a Krejča, Aleš,
|d 1941-
|7 jk01063166
|4 ill
|
| 765 |
0 |
|
|t Prometheus
|9 Česky
|
| 765 |
0 |
|
|t Titanenschlacht
|9 Česky
|
| 740 |
0 |
2 |
|a Bitva s Titány
|
| 830 |
|
0 |
|a Klub čtenářů (Odeon)
|0 s
|
| 856 |
4 |
1 |
|u http://www.digitalniknihovna.cz/mzk/uuid/uuid:468e5530-ad78-11e2-b6da-005056827e52
|y Digitalizovaný dokument
|x NDK
|
| 910 |
|
|
|a BOA001
|b 2-0932.183
|b PK-0106.862
|
| 920 |
|
|
|a 000051719
|
| 964 |
|
|
|a Řecké báje
|
| 990 |
|
|
|a BK
|
| 996 |
7 |
|
|b 2619778998
|c 2-0932.183
|l MZK
|r Sklad / do 1 hodiny
|n 4
|w 000431580
|u 000010
|a 1
|e BOA001
|j MZK50
|s A
|
| 996 |
7 |
|
|b 3119977879
|c PK-0106.862
|l MZK
|r Sklad / do 1 hodiny
|n 6
|w 000431580
|u 000020
|a 1
|e BOA001
|j MZK50
|s A
|